000 01456nam a2200361 i 4500
001 000027468
003 DO-SdBNP
005 20251202114223.0
007 ta
008 110331s1978 dr ab 001 0 spa d
040 _aDO-SdBNP
_bspa
_cBNPHU
_erda
041 _hsp
082 _a970.016
_bF363s
_222
100 1 _aFernández de Oviedo y Valdés, Gonzalo,
_d1478-1557.
_eautor
_932221
245 1 0 _aSumario de la natural historia de las Indias /
_cGonzalo Fernández de Oviedo ; presentación de Jorge Tena Reyes.
264 _aSanto Domingo :
_bSecretaría de Estado de Educación Bellas Artes y Cultos,
_c1978.
300 _a222 páginas :
_bilustraciones mapas ;
_c21 cm.
336 _ardacontent
_btexto
_2txt
337 _ardamedia
_bsin mediación
_2n
338 _ardacarrier
_bvolumen
_2nc
500 _aV centenario del nacimiento de Gonzalo Fernández de Oviedo.
500 _aIncluye notas al pie de las páginas.
590 _aInventariado, 2020/YL
650 0 _aIndios de América Central
_94634
650 0 _aIndios de las Antillas
_91049
650 4 _aHistoria natural
_zAntillas
_954542
650 4 _aHistoria natural
_zAmérica Central
_954543
650 4 _aAmérica
_xRelatos anteriores a 1600
_954544
700 1 _aTena Reyes, Jorge,
_epresentación
_98252
710 1 _aRepública Dominicana.
_bSecretaría de Estado de Educación, Bellas Artes y Cultos
_923965
910 _aValidado. Control de calidad EMS
942 _2ddc
_cLBS1
999 _c26960
_d26960